PROJECT PLANNING AND CONTROL WITH PERT AND CPM (Record no. 5325)

MARC details
000 -LEADER
fixed length control field 00448nam a22001697a 4500
005 - DATE AND TIME OF LATEST TRANSACTION
control field 20170329171839.0
008 - FIXED-LENGTH DATA ELEMENTS--GENERAL INFORMATION
fixed length control field 170329b xxu||||| |||| 00| 0 eng d
020 ## - INTERNATIONAL STANDARD BOOK NUMBER
ISBN 978-81-318-0698-2
041 ## - LANGUAGE CODE
Language code of text/sound track or separate title eng
082 ## - DEWEY DECIMAL CLASSIFICATION NUMBER
Classification number 658.401
100 ## - MAIN ENTRY--AUTHOR NAME
Personal name PUNMIA,DR. B. C
245 ## - TITLE STATEMENT
Title PROJECT PLANNING AND CONTROL WITH PERT AND CPM
260 ## - PUBLICATION, DISTRIBUTION, ETC. (IMPRINT)
Name of publisher LAXHMI PUBLICAATION
Year of publication 1982
300 ## - PHYSICAL DESCRIPTION
Number of Pages 250
650 ## - SUBJECT ADDED ENTRY--TOPICAL TERM
Topical Term ENGINEERING
General subdivision CIVIL ENGINEERING
942 ## - ADDED ENTRY ELEMENTS (KOHA)
Koha item type Books
Holdings
Lost status Damaged status Home library Current library Shelving location Date acquired Source of acquisition Cost, normal purchase price Full call number Accession Number Koha item type
    JRU Library   SHELF-6-D 28/03/2017 PURCHASE 225.00 658.401 21468 Books
    JRU Library   SHELF-43-D 28/03/2017 PURCHASE 225.00 658.401 21469 Books
    JRU Library   SHELF-43-D 28/03/2017 PURCHASE 225.00 658.401 21470 Books